Formula 1 Hattricks - Statistics

General Stats
  • This quiz has been taken 393 times
  • The average score is 11 of 17
Answer Stats
Hattricks Driver % Correct
19 Hamilton
99%
22 Schumacher
97%
5 Verstappen
97%
7 Senna
93%
8 Vettel
92%
8 Prost
89%
5 Alonso
84%
9 Fangio
67%
5 Hakkinen
62%
5 Hill
62%
5 Mansell
53%
7 Ascari
51%
11 Clark
51%
4 Stewart
46%
4 Massa
45%
4 Moss
24%
4 Ickx
11%
No matching quizzes found
Score Distribution
Percent of People with Each Score
Percentile by Number Answered
Your Score History
You have not taken this quiz